[Event "Invitation"]
[Site "http://www.queenalice.com/game.php?id=1472194"]
[Date "2017.4.6"]
[Round "-"]
[White "faxil"]
[Black "sotsab"]
[Result "0-1"]
[WhiteElo "1384"]
[BlackElo "2043"]

1. d4 Nf6 2. c4 g6 3. Nf3 Bg7 4. Nc3 c5 5. e4 cxd4 6. Nxd4 d6 7. b4 Qb6 8. Rb1
Nxe4 9. Nd5 Qxd4 10. Qxd4 Bxd4 11. Nc7+ Kd7 12. Nxa8 Nxf2 13. Bb2 Bxb2 14. Kxf2
Bd4+ 15. Ke2 b6 16. Kd3 e5 17. Be2 Bb7 18. Bf3 Bxf3 19. gxf3 Nc6 20. b5 Na5 21.
Nxb6+ axb6 22. h4 h5 23. f4 Nb7 24. fxe5 dxe5 25. Rh2 Nc5+ 26. Ke2 Ra8 27. Kf3
Ra3+ 28. Kg2 Rxa2+ 29. Kh1 Ra4 30. Rc2 Ke6 31. Rd1 f5 32. Re2 Rxc4 33. Rg2 Kf6
34. Ra2 Ra4 35. Rxa4 Nxa4 36. Kg2 Nc3 37. Ra1 e4 38. Ra7 f4 39. Rd7 Ne2 40. Kf1
f3 0-1

[Event "AUTO-OPEN-3787"]
[Site "http://www.queenalice.com/game.php?id=1472696"]
[Date "2017.4.9"]
[Round "1"]
[White "yasseryack"]
[Black "faxil"]
[Result "0-1"]
[WhiteElo "1796"]
[BlackElo "1380"]

1. f4 Nf6 2. Nf3 Nc6 3. d3 d5 4. Bd2 Bg4 5. Nh4 e5 6. h3 Bd7 7. f5 Nh5 8. Nf3
Bxf5 9. Bg5 f6 10. Bh4 Qd6 11. g4 Qb4+ 12. c3 Qxb2 13. Nbd2 g5 14. gxf5 gxh4 15.
Bg2 Qxc3 16. Nxh4 Ng3 17. Rg1 Nd4 18. Rc1 Qa5 19. Bxd5 Ngxe2 20. Bxb7 Rb8 21.
Bc6+ Kd8 22. Kf2 Nxc1 23. Qxc1 Nxc6 24. Nhf3 Bc5+ 25. d4 Nxd4 26. Nxd4 Bxd4+ 27.
Kf3 Bxg1 28. Ne4 Bd4 29. Nxf6 Qxa2 30. Ke4 Qe2+ 31. Kd5 Rb5+ 32. Ke6 Rb6+ 33.
Kf7 Rxf6+ 34. Kxf6 e4+ 35. Ke6 Qa6+ 36. Kd5 Qd6+ 37. Kxe4 Re8+ 38. Kf3 Qd5+ 39.
Kg4 Re4+ 40. Kg3 Qe5+ 41. Kg2 Re2+ 42. Kf1 Rf2+ 0-1

[Event "AUTO-OPEN-3787"]
[Site "http://www.queenalice.com/game.php?id=1472697"]
[Date "2017.4.9"]
[Round "1"]
[White "faxil"]
[Black "yasseryack"]
[Result "1-0"]
[WhiteElo "1410"]
[BlackElo "1766"]

1. d4 d6 2. Nc3 c6 3. e4 Nf6 4. Bd3 Qb6 5. Nf3 Bg4 6. Be3 Qxb2 7. Bd2 Qb6 8. Be3
Nbd7 9. O-O O-O-O 10. d5 c5 11. Rb1 Qc7 12. Nb5 Qb8 13. c3 Ne5 14. Be2 Nxe4 15.
Nxe5 Bxe2 16. Qxe2 dxe5 17. Qg4+ e6 18. Qxe4 exd5 19. Qg4+ Rd7 20. Rb3 g6 21.
Rfb1 f5 22. Qa4 a6 23. Na3 d4 24. cxd4 f4 25. Bd2 Rxd4 26. Qe8+ Rd8 27. Qe6+ Rd7
28. Rxb7 Qd6 29. Rb8+ Kc7 30. R1b7+ Kc6 31. Rb6+ Kc7 32. Rxd6 Bxd6 33. Rxh8 Kc6
34. Rc8+ Rc7 35. Rxc7+ Kxc7 36. Ba5+ Kc6 37. Nc4 Kb5 38. a4+ Kxa4 39. Qxd6 Kb5
40. Qd3 g5 41. Qb3+ Kc6 42. Nxe5+ Kd6 43. Nf7+ Ke7 44. Qd5 h6 45. Nxh6 Kf6 46.
Bd8+ Kg7 47. Qxg5+ 1-0

[Event "AUTO-OPEN-3787"]
[Site "http://www.queenalice.com/game.php?id=1472742"]
[Date "2017.4.9"]
[Round "1"]
[White "deathbydixxon"]
[Black "faxil"]
[Result "1-0"]
[WhiteElo "1653"]
[BlackElo "1416"]

1. e4 e5 2. b3 Nf6 3. Nc3 Bc5 4. h3 d5 5. exd5 Nxd5 6. Ne4 Bb6 7. Bb2 f5 8. Ng3
Nc6 9. Bb5 Qg5 10. Nf3 Qh6 11. Bxc6+ bxc6 12. Nxe5 Qe6 13. O-O Nf4 14. Qf3 g5
15. Rfe1 O-O 16. Nd3 Qh6 17. Nxf4 g4 18. hxg4 fxg4 19. Qe4 Bxf2+ 20. Kxf2 Rxf4+
21. Kg1 Rxe4 22. Rxe4 Qxd2 23. Re2 Qf4 24. Re8+ Kf7 25. Rf1 Qxf1+ 26. Kxf1 Kxe8
27. Be5 Kd7 28. c4 a5 29. Ne4 a4 30. Nc5+ Kd8 31. g3 axb3 32. axb3 Ra2 33. Ke1
h5 34. Kf1 Ra5 35. Bd4 Ke7 36. Kf2 Kd6 37. Nd3 Rf5+ 38. Nf4 h4 39. Kg2 hxg3 40.
Kxg3 Ra5 41. Nd3 1-0

[Event "AUTO-OPEN-3787"]
[Site "http://www.queenalice.com/game.php?id=1472743"]
[Date "2017.4.9"]
[Round "1"]
[White "faxil"]
[Black "deathbydixxon"]
[Result "0-1"]
[WhiteElo "1409"]
[BlackElo "1660"]

1. d4 d5 2. c4 dxc4 3. Qa4+ Nc6 4. Qxc4 Be6 5. Qa4 Qxd4 6. Qc2 O-O-O 7. Nf3 Qd7
8. e4 Nd4 9. Nxd4 Qxd4 10. Be3 Qb4+ 11. Nc3 Nf6 12. Bd2 Qc5 13. Be3 Qa5 14. b4
Qxb4 15. Rb1 Qa5 16. Rb5 Qa6 17. Rd5 Qa3 18. Nb5 Qb4+ 19. Bd2 Qxe4+ 20. Qxe4
Nxe4 21. Nxa7+ Kb8 22. Nc6+ bxc6 23. Rxd8+ Kb7 24. Rd4 Nd6 25. Rb4+ Kc8 26. Ba6+
Kd7 27. O-O Bxa2 28. Rd1 Bd5 29. Bf4 e6 30. Rb8 g6 31. Bxd6 Kxd6 32. Bc4 h5 33.
h4 Bg7 34. Rxh8 Bxh8 35. f4 f5 36. Kf2 e5 37. fxe5+ Bxe5 38. g3 Kc5 39. Ba6 Kd6
40. Bb7 f4 41. gxf4 Bxf4 42. Bc8 g5 0-1

[Event "Challenge2"]
[Site "http://www.queenalice.com/game.php?id=1475039"]
[Date "2017.4.24"]
[Round "-"]
[White "sotsab"]
[Black "faxil"]
[Result "1-0"]
[WhiteElo "2047"]
[BlackElo "1440"]

1. d4 d5 2. c4 dxc4 3. e3 Nf6 4. Nc3 Bg4 5. Qa4+ c6 6. Bxc4 b5 7. Nxb5 cxb5 8.
Bxb5+ Nbd7 9. Bd2 a5 10. h3 Be6 11. Nf3 Nd5 12. Ne5 Nb6 13. Qa3 a4 14. Rc1 Bd5
15. O-O e6 16. Qd3 Bd6 17. Nc6 Bxc6 18. Rxc6 Bc7 19. Rfc1 Bb8 20. Bb4 Ba7 21.
Rc7 f5 22. R1c6 Kf7 23. Bc4 Re8 24. Qxf5+ Qf6 25. Qh5+ Qg6 26. Qxg6+ hxg6 27.
Rxb6 Bxb6 28. Rxd7+ Kf6 29. Rd6 Bc7 30. Rd7 Rab8 31. Bc3 Rb7 32. d5+ Kg5 33. d6
Rc8 34. dxc7 Rcxc7 35. Rxc7 1-0

[Event "Challenge2"]
[Site "http://www.queenalice.com/game.php?id=1475040"]
[Date "2017.4.24"]
[Round "-"]
[White "faxil"]
[Black "sotsab"]
[Result "0-1"]
[WhiteElo "1382"]
[BlackElo "2045"]

1. d4 Nf6 2. c4 c5 3. d5 e6 4. Nc3 exd5 5. Nxd5 Nxd5 6. Qxd5 Be7 7. Nf3 d6 8. b3
Bf6 9. Bg5 Qa5+ 10. Bd2 Qa6 11. Rd1 O-O 12. a4 Re8 13. e4 Be6 14. Qh5 g6 15. Qh6
Bg7 16. Qh4 f5 17. Ng5 h6 18. Nxe6 Rxe6 19. Bxh6 Rxe4+ 0-1

[Event "Challenge3"]
[Site "http://www.queenalice.com/game.php?id=1477381"]
[Date "2017.5.9"]
[Round "-"]
[White "faxil"]
[Black "sotsab"]
[Result "0-1"]
[WhiteElo "1438"]
[BlackElo "2049"]

1. d4 Nf6 2. c4 c5 3. Nf3 g6 4. Bf4 Bg7 5. e3 O-O 6. Bd3 cxd4 7. exd4 d5 8. O-O
Nc6 9. c5 Bg4 10. Bc2 Bxf3 11. gxf3 Nh5 12. Be3 e5 13. Qd2 Nxd4 14. Bxd4 exd4
15. Re1 Qh4 16. f4 Qg4+ 17. Kf1 Nxf4 18. f3 Qh3+ 19. Kg1 Rfe8 20. Na3 Qxf3 21.
h4 Re2 0-1

[Event "Challenge3"]
[Site "http://www.queenalice.com/game.php?id=1477898"]
[Date "2017.5.13"]
[Round "-"]
[White "sotsab"]
[Black "faxil"]
[Result "1-0"]
[WhiteElo "2051"]
[BlackElo "1436"]

1. e4 c6 2. Nc3 e5 3. Bc4 Nf6 4. d4 exd4 5. Qxd4 b6 6. e5 Bc5 7. Qh4 Qe7 8. Nf3
d5 9. Be2 Nfd7 10. Bg5 Qe6 11. O-O Nxe5 12. Nxe5 Qxe5 13. Rfe1 O-O 14. Bd3 Bxf2+
15. Kxf2 f6 16. Qxh7+ 1-0

[Event "OS INCLIVEIS"]
[Site "http://www.queenalice.com/game.php?id=1479236"]
[Date "2017.5.21"]
[Round "-"]
[White "adelio"]
[Black "faxil"]
[Result "0-1"]
[WhiteElo "1417"]
[BlackElo "1430"]

1. d4 d5 2. e4 dxe4 3. Nc3 Nf6 4. f3 exf3 5. Nxf3 Bg4 6. h3 Bh5 7. g4 Bg6 8. Ne5
e6 9. a3 Be7 10. Bg5 O-O 11. Bxf6 Bxf6 12. Nxg6 fxg6 13. Bc4 Bh4+ 0-1

[Event "OS INCLIVEIS"]
[Site "http://www.queenalice.com/game.php?id=1479237"]
[Date "2017.5.21"]
[Round "-"]
[White "faxil"]
[Black "adelio"]
[Result "1-0"]
[WhiteElo "1413"]
[BlackElo "1434"]

1. d4 d5 2. c4 e6 3. Nc3 Be7 4. Nf3 Nd7 5. Bf4 a6 6. a4 h5 7. c5 h4 8. h3 Nf8 9.
e3 Ng6 10. Bh2 Nh6 11. Be2 Nf5 12. Bd3 b6 13. cxb6 1-0

[Event "AUTO-INT-3249"]
[Site "http://www.queenalice.com/game.php?id=1479562"]
[Date "2017.5.24"]
[Round "1"]
[White "DAN1958"]
[Black "faxil"]
[Result "1-0"]
[WhiteElo "1627"]
[BlackElo "1424"]

1. e4 c6 2. d3 d5 3. Nd2 Nf6 4. f3 e5 5. Nb3 dxe4 6. fxe4 Bb4+ 7. Bd2 Bxd2+ 8.
Nxd2 Be6 9. Ngf3 Nbd7 10. c4 O-O 11. Qb3 b6 12. Rc1 c5 13. h3 1-0

[Event "AUTO-INT-3249"]
[Site "http://www.queenalice.com/game.php?id=1479563"]
[Date "2017.5.24"]
[Round "1"]
[White "faxil"]
[Black "DAN1958"]
[Result "0-1"]
[WhiteElo "1433"]
[BlackElo "1618"]

1. d4 d5 2. c4 Nf6 3. Nf3 dxc4 4. Bg5 h6 5. Bh4 g5 6. Bg3 b5 7. a4 b4 8. e3 Be6
9. Nfd2 c3 10. bxc3 bxc3 11. Nxc3 c6 12. Bd3 Nbd7 0-1

[Event "AUTO-INT-3249"]
[Site "http://www.queenalice.com/game.php?id=1479576"]
[Date "2017.5.24"]
[Round "1"]
[White "cucalegal2"]
[Black "faxil"]
[Result "1-0"]
[WhiteElo "1701"]
[BlackElo "1439"]

1. Nf3 d5 2. d4 Bg4 3. Ne5 Bf5 4. h3 e6 5. g4 Be4 6. f3 Qh4+ 7. Kd2 Bg6 8. Qe1
Qxe1+ 9. Kxe1 Bxc2 10. Nd2 f6 11. Nd3 b6 12. Nf4 1-0

[Event "AUTO-INT-3249"]
[Site "http://www.queenalice.com/game.php?id=1479577"]
[Date "2017.5.24"]
[Round "1"]
[White "faxil"]
[Black "cucalegal2"]
[Result "0-1"]
[WhiteElo "1445"]
[BlackElo "1695"]

1. d4 d5 2. c4 dxc4 3. Nc3 e6 4. Nf3 f6 5. Bf4 g5 6. Bg3 Nd7 7. e3 Nb6 8. Nb5
Bd6 9. Nxd6+ cxd6 10. Rc1 d5 11. Be2 h5 12. h4 g4 0-1